000 00292nam a22001337a 4500
008 170731b xxu||||| |||| 00| 0 eng d
020 _a0914845462
041 _aeng
080 _a004
100 _a32
101 _aSHK
245 _aPROGRAMMER'S GUIDE TO THE IBM PC
_cMIC
942 _2udc
_cBK
999 _c22235
_d22235